Catálogo

Mercados en la ciudad de México / (Registro nro. 27972)

Detalles MARC
000 -LEADER
fixed length control field 01584cam a2200385 i 4500
001 - CONTROL NUMBER
control field 27972
003 - CONTROL NUMBER IDENTIFIER
control field Mx-PuUPA
005 - DATE AND TIME OF LATEST TRANSACTION
control field 20251027130029.0
008 - FIXED-LENGTH DATA ELEMENTS--GENERAL INFORMATION
fixed length control field 140415s2014 mx a gr 001 0 spa d
020 ## - INTERNATIONAL STANDARD BOOK NUMBER
International Standard Book Number 9786070081927
040 ## - CATALOGING SOURCE
Transcribing agency Mx-PuUPA
Original cataloging agency Mx-PuUPA
Language of cataloging spa
Modifying agency Mx-PuUPA
Description conventions rda
041 0# - LANGUAGE CODE
Language code of text/sound track or separate title spa
043 ## - GEOGRAPHIC AREA CODE
Geographic area code n-mx---
245 10 - TITLE STATEMENT
Title Mercados en la ciudad de México /
Statement of responsibility, etc. Introducción y coordinación, Corina Armella de Fernández Castelló ; Eduardo Matos Moctezuma, Ángeles González Gamio, Elena Poniatowska, Jacobo Zabludovzky, María Isabel Villa, Édgar Anaya, textos ; Michael Calderwood, fotografía.
250 ## - EDITION STATEMENT
Edition statement Primera edición
264 #1 - PRODUCTION, PUBLICATION, DISTRIBUTION, MANUFACTURE, AND COPYRIGHT NOTICE
Place of production, publication, distribution, manufacture [México?] :
Name of producer, publisher, distributor, manufacturer PM Steele Muebles de Oficina,
Date of production, publication, distribution, manufacture, or copyright notice 2014
300 ## - PHYSICAL DESCRIPTION
Extent 239 páginas :
Other physical details ilustraciones, fotografías ;
Dimensions 34 cm
336 ## - CONTENT TYPE
Fuente rdacontent
Content type term texto
Content type code txt
336 ## - CONTENT TYPE
Fuente rda content
Content type term imagen fija
Content type code sti
337 ## - MEDIA TYPE
Source rdamedia
Media type term sin medio
Media type code n
338 ## - CARRIER TYPE
Source rdacarrier
Carrier type term volumen
Carrier type code nc
650 #7 - SUBJECT ADDED ENTRY--TOPICAL TERM
Source of heading or term armarc
Topical term or geographic name entry element Mercados
Geographic subdivision México (Ciudad de México)
Chronological subdivision Obras ilustradas
650 #7 - SUBJECT ADDED ENTRY--TOPICAL TERM
Source of heading or term armar
Topical term or geographic name entry element Mercados
Geographic subdivision México
General subdivision Historia
700 1# - ADDED ENTRY--PERSONAL NAME
Personal name Fernández de Castelló, Corina Armella,
Relator term autor de introducción
-- coordinador
700 1# - ADDED ENTRY--PERSONAL NAME
Personal name Matos Moctezuma, Eduardo,
Relator term autor
700 1# - ADDED ENTRY--PERSONAL NAME
Personal name González Gamio, Ángeles,
Relator term autor
700 1# - ADDED ENTRY--PERSONAL NAME
Personal name Poniatowska, Elena,
Relator term autor
700 1# - ADDED ENTRY--PERSONAL NAME
Personal name Zabludovzky, Jacobo,
Relator term autor
700 1# - ADDED ENTRY--PERSONAL NAME
Personal name Villa, María Isabel,
Relator term autor
700 1# - ADDED ENTRY--PERSONAL NAME
Personal name Anaya, Edgar,
Relator term autor
700 1# - ADDED ENTRY--PERSONAL NAME
Personal name Calderwood, Michael,
Relator term fotógrafo
9 (RLIN) 2760
942 ## - ADDED ENTRY ELEMENTS (KOHA)
Source of classification or shelving scheme Dewey Decimal Classification
Koha item type Libro
Classification part M55
Existencias
Withdrawn status Lost status Source of classification or shelving scheme Damaged status Not for loan Collection code Home library Current library Shelving location Date acquired Total Checkouts Full call number Barcode Date last seen Price effective from Koha item type
    Dewey Decimal Classification     Referencia Biblioteca Karol Wojtyla Biblioteca Karol Wojtyla Área de silencio 03/12/2013   381.10972 M55 2014 46584 05/01/2026 03/12/2013 Folio